000 00613nam a22002177a 4500
003 UA-OsUOA
001 34763
007 ta
008 20051020b un ||||| |||| 00| 0 ukr d
090 _a94(477-64)
_bИ90
942 _cBK
040 _aUA-OsUOA
_brus
_cUA-OsUOA
_dUA-OsUOA
245 _aИстория городов и сел Украинской ССР. Запорожская область
300 _a728 с.
955 _a2
041 _arus
080 _a94(477-64)
260 _aК.
_bУСЭ
_c1981
650 7 _a9 Географія. Біографії. Історія
_2UDC
999 _c321196
_d321196